| 000 | 00928nam0a22002891 4500 | ||
|---|---|---|---|
| 001 | v19\rc\1940332 | ||
| 005 | 20251118180832.8 | ||
| 035 | _a(NLR Aleph) 005026854 | ||
| 090 |
_a6648810 _c6648810 |
||
| 100 | _a20080428d1912 u y0rusy50 ca | ||
| 101 | 0 | _arus | |
| 102 | _aRU | ||
| 105 | _aa z |||c| | ||
| 200 | 1 |
_aЭлектричество и природа _e[Попул. очерки] _f[Сост. инж.-эл. С. Щербаков] |
|
| 210 |
_aБорисоглебск _cТипо-лит. А.В. Безобразова _d[1912] |
||
| 215 |
_a52 с. _cил. _d26 |
||
| 300 | _aСост. указан в конце текста | ||
| 320 | _aБиблиогр.: с. 52 | ||
| 700 | 1 |
_aЩербаков _bС. _4220 |
|
| 801 | 0 |
_aRU _bNLR _gpsbo |
|
| 801 | 0 |
_aRU _bRuMoRGB _2psbo |
|
| 801 | 1 |
_aRU _bProSoft-M _2rusmarc |
|
| 852 |
_aNLR _j20.35.9.1 |
||
| 899 |
_aRuMoRGB _jB 19/865 |
||
| 899 | _aБАН | ||
| 942 | _cBOOK | ||
| 980 | _aNB | ||